| 000 | 02010nam a22001577a 4500 | ||
|---|---|---|---|
| 041 | _aukr | ||
| 080 | _a09 | ||
| 090 | _bСЕМ | ||
| 100 | _aСеменишин О.М. | ||
| 245 | _aРеалізація комунікативної інтенції компліментарних висловлювань в англійській мові | ||
| 260 |
_aОстрг _bКАФ _c2008 |
||
| 300 | _a66 | ||
| 520 |
_aВступ
Розділ 1. Категорія мовленнєвого етикету в аспекті міжкультурної комунікації.
1.1 Мова та її соціальна природа.
1.2 Сутність та проблеми міжкультурної комунікації.
1.3 Структурні та функціональні аспекти мовленнєвого етикету.
Розділ 2. Реалізація комунікативної інтенції компліментарних висловлювань в англійській мові.
2.1 Лексичні та соціо-прагматичні особливості компліментарних висловлювань в англійській мові.
2.1.1 Іллокутивний потенціал компліментарних висловлювань.
2.1.2 Комплімент як перлокутивний акт.
2.2 Функції компліментарних висловлювань у дискурсі.
2.2.1 Комплімент як соціальна дія.
2.2.2 Відповідь на комплімент як складова етичної комунікації.
2.3 Національно-культурні особливості вживання компліментів в етикетниому мовленні американців і британців.
Висновки
Список використаної літератури
Додатки _0етикет, комплімент, мова |
||
| 650 | _aResearch Papers | ||
| 999 |
_c284008 _d284008 |
||
| 942 | _cBK | ||